Najlepsze państwo Europy w danej kategorii - Statystyki

Ogólne statystyki
  • Ten quiz został rozwiązany 41 razy
  • Średni wynik to 10 z 45
Statystyki odpowiedzi
Kategoria Państwo % Poprawnych
Największa powierzchnia Rosja
100%
Najmniejsza powierzchnia Watykan
100%
Najwięcej zwycięstw mistrzostw świata w piłce nożnej mężczyzn Niemcy
85%
Najbardziej wysunięty punkt na południe Hiszpania
65%
Najmłodsze Kosowo
58%
Największe państwo śródlądowe Białoruś
50%
Największe spożycie piwa Czechy
46%
Największe państwo leżące całkowicie w Europie Ukraina
38%
Najwyższe PKB na mieszkańca Luksemburg
35%
Najdalej wysunięta stolica na południe Malta
35%
Najdalej wysunięta stolica na zachód Portugalia
35%
Najrzadziej odwiedzane przez turystów Mołdawia
31%
Najwyższy budynek w Unii Europejskiej Polska
31%
Najstarszy pub Irlandia
27%
Ostatnia stolica alfabetycznie Chorwacja
23%
Najniżej położone Holandia
23%
Największa liczba niebieskookich obywateli Estonia
19%
Największe państwo bałtyckie Litwa
19%
Największe imperium kolonialne Wielka Brytania
19%
Najwięcej muzeów archeologicznych Grecja
15%
Najbezpieczniejsze państwo Islandia
15%
Najbardziej oddalona wyspa Norwegia
15%
Największe państwo nordyckie Szwecja
15%
Najstarsza Linia metra Węgry
15%
Najwyżej położona stolica w Europie Andora
12%
Stolica najbardziej przyjazna rowerzystom Dania
12%
Najszczęśliwsze Finlandia
12%
Najwięcej stref czasowych Francja
12%
Najmniejsze państwo alpejskie Liechtenstein
12%
Najnowsza zmiana nazwy Macedonia Północna
12%
Największy procent koloru czerwonego Albania
8%
Najdłuższy autobus produkowany w państwach bloku wschodniego Rumunia
8%
Najstarsza rosnąca winorośl Słowenia
8%
Najmniejsze państwo śródziemnomorskie Monako
4%
Największe podziemne jezioro Szwajcaria
4%
Największy szmaragd Austria
0%
Najdłuższa linia tramwajowa Belgia
0%
Najbardziej oblężone miasto po II wojnie światowej Bośnia i Hercegowina
0%
Najstarsze Bułgaria
0%
Najgłębszy kanion w Europie Czarnogóra
0%
Najszerszy wodospad Łotwa
0%
Najstarsza republika San Marino
0%
Największe złoża litu Serbia
0%
Największy ogród zoologiczny w Europie środkowej Słowacja
0%
Największe miasto Europy zaczynające się na M Włochy
0%
Nie znaleziono quizów pasujących do podanych kryteriów
Rozkład punktacji
Procent ludzi z każdym wynikiem
Percentyl według liczby udzielonych odpowiedzi
Twoja historia wyników
Nie rozwiązałeś tego quizu